Engineering, construction, and operations in challenging environments : Earth & Space 2006, March 5-8, 2006, League City/Houston, Texas /

Bibliographic Details
Corporate Authors: International Conference on Engineering, Construction, and Operations in Challenging Environments Houston, Tex., American Society of Civil Engineers. Aerospace Division
Other Authors: Malla, Ramesh B., Binienda, Wieslaw K., Maji, Arup
Format: Conference Proceeding Software eBook
Language:English
Published: Reston, VA : American Society of Civil Engineers, [2006]
Subjects:

MARC

Tag First Indicator Second Indicator Subfields
LEADER 00000aam a22000004a 4500
001 in00002182521
005 20151104062023.0
006 m d
007 co cg --------
008 060501s2006 vaua sb 101 0 eng
010 |a  2006570346 
020 |a 0784408300 
024 3 |a 9780784408308 
035 |a (OCoLC)ocm69672288 
040 |a DLC  |c DLC  |d UBY  |d TXA  |d UtOrBLW 
042 |a pcc 
049 |a TXAM 
050 0 0 |a TL797 
082 1 0 |a 629.44  |2 14 
090 |a TL797  |b .I487 2006 
111 2 |a International Conference on Engineering, Construction, and Operations in Challenging Environments  |n (10th :  |d 2006 :  |c Houston, Tex.) 
245 1 0 |a Engineering, construction, and operations in challenging environments :  |b Earth & Space 2006, March 5-8, 2006, League City/Houston, Texas /  |c edited by Ramesh B. Malla, Wieslaw K. Binienda, Arup K. Maji. 
246 3 0 |a Earth & Space 2006 
246 3 |a Earth and Space 2006 
264 1 |a Reston, VA :  |b American Society of Civil Engineers,  |c [2006] 
264 4 |c ©2006 
300 |a 1 CD-ROM ;  |c 4 3/4 in. 
336 |a text  |b txt  |2 rdacontent 
337 |a computer  |b c  |2 rdamedia 
338 |a computer disc  |b cd  |2 rdacarrier 
538 |a System requirements: Macintosh or a PC (Windows 95/98/2002 and Windows NT and XP); Adobe Reader. 
500 |a Title from proceedings information page. 
500 |a "Proceedings of the Tenth Biennial ASCE Aerospace Division International Conference on Engineering, Construction, and Operations in Challenging Environments." 
500 |a Electronic resource. 
650 0 |a Space stations  |v Congresses. 
650 0 |a Large space structures (Astronautics)  |v Congresses. 
700 1 |a Malla, Ramesh B. 
700 1 |a Binienda, Wieslaw K. 
700 1 |a Maji, Arup. 
710 2 |a American Society of Civil Engineers.  |b Aerospace Division. 
948 |a cataloged  |b h  |c 2006/7/27  |d c  |e mphillip  |f 7:39:45 pm 
994 |a C0  |b TXA 
999 |a MARS 
999 f f |s 88a0117e-e0ac-3fed-91e2-fd1a7803c9e0  |i bcdfc714-e5e4-3e54-84df-7d48dc7e0e68  |t 0 
952 f f |p normal  |a Texas A&M University  |b College Station  |c Sterling C. Evans Library  |d Evans: Library Stacks  |t 0  |e TL797 .I487 2006  |h Library of Congress classification  |i computer -- computer disc  |m A14834582104 
998 f f |a TL797 .I487 2006  |t 0  |l Evans: Library Stacks